[Event "HCL-A2624"]
[Site "www.playchess.de"]
[Date "2006.03.27"]
[Round "7"]
[White "cocohubert"]
[Black "tuGGy"]
[WhiteElo "1366"]
[BlackElo "1548"]
[PlyCount "36"]
[Result "0-1"]

1.d4 d5 2.c4 dxc4 3.e3 e5 4.Qa4+ Nc6 5.dxe5 Bd7 
6.Qxc4 Bb4+ 7.Bd2 Qe7 8.Bxb4 Qxb4+ 9.Qxb4 Nxb4 
10.Na3 Ne7 11.f4 Ned5 12.Kd2 O-O-O 13.g3 Bg4 
14.Ne2 Nxf4+ 15.Ke1 Nfd3+ 16.Kd2 Nf2+ 17.Kc3 Nd5+ 
18.Kb3 Nxh1 0-1

[Event "HCL-A2570"]
[Site "www.playchess.de"]
[Date "2006.03.27"]
[Round "2"]
[White "sparpaket"]
[Black "earlyrunner"]
[WhiteElo "1560"]
[BlackElo "1600"]
[PlyCount "41"]
[Result "1-0"]

1.e4 {Hi}  c5 {Greetings.  Good luck.}  2.Nf3 {And 
to you}  d6 3.d4 cxd4 4.Nxd4 Nf6 5.f3 e5 6.Nb3 a6 
7.c4 Bd7 8.Be3 b5 9.Nc3 bxc4 10.Bxc4 Bc6 11.O-O 
Be7 12.Qd2 O-O 13.Rfd1 Nbd7 14.Rac1 Nb6 15.Bd5 
Nbxd5 16.Nxd5 Nxd5 17.exd5 Ba4 18.Qb4 Qd7 19.Rc3 
Rfc8 20.Rdc1 Rxc3 21.Qxc3 1-0

[Event "HCL-M909"]
[Site "www.playchess.de"]
[Date "2006.03.27"]
[Round "12"]
[White "RSoares"]
[Black "Eyechess"]
[WhiteElo "1520"]
[BlackElo "2064"]
[PlyCount "76"]
[Result "0-1"]

1.e4 {Hello. Have a good game.}  g6 {Hello. Good 
game to you too..}  2.d4 Bg7 3.Nc3 c6 4.Nf3 d5 
5.h3 Nf6 6.Bd3 dxe4 7.Nxe4 Nxe4 8.Bxe4 Nd7 9.O-O 
O-O 10.c3 Qc7 11.Re1 c5 12.Qe2 cxd4 13.cxd4 Nf6 
14.Bd3 Be6 15.Ng5 Bd7 16.Bd2 e6 17.Rac1 Bc6 18.b4 
Qd6 19.b5 Bd5 20.Bc4 Rac8 21.a4 h6 22.Bxd5 Nxd5 
23.Ne4 Qa3 24.Rxc8 Rxc8 25.Nc5 b6 26.Nxe6 Re8 
27.Qe4 Qd6 28.Qg4 Rxe6 29.Rxe6 Qxe6 30.Qh4 g5 
31.Qg3 Qe2 32.Qf3 Qxd2 33.Qxd5 Bxd4 34.Qf3 Qe1+ 
35.Kh2 Bxf2 36.h4 Qg1+ 37.Kh3 Qh1+ 38.Kg4 
Qxh4+ 0-1

[Event "HCL-C4079"]
[Site "www.playchess.de"]
[Date "2006.03.27"]
[Round "10"]
[White "Kelthek"]
[Black "johnalle"]
[WhiteElo "612"]
[BlackElo "1210"]
[PlyCount "100"]
[Result "0-1"]

1.Nf3 d5 2.c4 c6 3.d4 Nf6 4.Nc3 e6 5.b3 Nbd7 6.Bf4 
Bb4 7.Qd2 Ne4 8.Qe3 Bxc3+ 9.Nd2 Bxd2+ 10.Qxd2 Nxd2 
11.Bxd2 O-O 12.e3 dxc4 13.Bxc4 Nf6 14.O-O c5 
15.Bc3 cxd4 16.Bxd4 Bd7 17.Rac1 Ne4 18.Rcd1 Qc7 
19.Bd3 Nd6 20.Rdc1 Qa5 21.a4 Nf5 22.Bc3 Qd5 23.Bc4 
Qd6 24.Rcd1 Qc7 25.e4 Nh6 26.e5 Bxa4 27.Bb4 Rfd8 
28.Rdc1 Bc6 29.Rce1 Bd5 30.Rec1 Bxc4 31.bxc4 Qxe5 
32.Rfe1 Qf4 33.f3 Rd4 34.Bc5 Rxc4 35.Ba3 Rxc1 
36.Bxc1 Qf6 37.Be3 Nf5 38.Bf2 a6 39.Rd1 b5 40.g4 
Ne7 41.Rd3 b4 42.Rd7 a5 43.Bc5 Nd5 44.h3 Qxf3 
45.Kh2 Nf4 46.Rd2 Qxh3+ 47.Kg1 Qxg4+ 48.Kf2 Nh3+ 
49.Ke3 Qg5+ 50.Ke4 Qxd2 0-1

[Event "HCL-A2622"]
[Site "www.playchess.de"]
[Date "2006.03.27"]
[Round "16"]
[White "GCP"]
[Black "schlueter"]
[WhiteElo "1445"]
[BlackElo "1597"]
[PlyCount "89"]
[Result "0-1"]

1.e4 {hello from Rome, good game}  d5 {Hi from 
Mölln. Good luck.}  2.exd5 Qxd5 3.Nc3 Qd6 4.d4 Nf6 
5.Nge2 a6 6.Qd3 Nc6 7.a3 g6 8.Bf4 Qd8 9.d5 Nb8 
10.g3 Bg7 11.Bg2 O-O 12.O-O-O Bf5 13.Qd2 Nbd7 
14.Nd4 e6 15.dxe6 fxe6 16.Nxf5 exf5 17.Bxb7 Ra7 
18.Bc6 Rf7 19.Bg5 Qc8 20.Nd5 Ne4 21.Qb4 Bf8 22.Be7 
a5 23.Bxd7 Qxd7 24.Qxe4 fxe4 25.Nf6+ Rxf6 26.Rxd7 
Rxf2 27.Bxf8 Kxf8 28.Rxh7 e3 29.Re1 Rf3 30.Rh4 c5 
31.Rh8+ Kg7 32.Re8 Rf2 33.R1xe3 Rxh2 34.R8e7+ Rxe7 
35.Rxe7+ Kf6 36.Re3 Rg2 37.b3 g5 38.Kb2 g4 39.Kc3 
Rf2 40.Kd3 Kf5 41.c3 Ra2 42.a4 Rf2 43.Kc4 Rf3 
44.Rd3 Ke4 45.b4 0-1

[Event "HCL-B3916"]
[Site "www.playchess.de"]
[Date "2006.03.27"]
[Round "1"]
[White "DTW"]
[Black "Mosselman"]
[WhiteElo "1290"]
[BlackElo "1376"]
[PlyCount "106"]
[Result "0-1"]

1.e4 {Hello.}  c5 2.Nf3 Nc6 3.d4 cxd4 4.Nxd4 Nf6 
5.Nc3 g6 6.Bg5 Bg7 7.Nxc6 bxc6 8.Bd3 O-O 9.O-O d5 
10.exd5 cxd5 11.Rb1 Qd6 12.Qd2 e5 13.Bh6 e4 
14.Bxg7 Kxg7 15.Bxe4 Bb7 16.Rbd1 Rad8 17.Qd4 Qe6 
18.Bf3 a6 19.Rfe1 Qf5 20.Rd2 Kg8 21.Red1 Ne4 22.h3 
Nxd2 23.Rxd2 Rfe8 24.Rd1 Qxc2 25.Bxd5 Bxd5 26.Nxd5 
Rd6 27.Ne7+ Rxe7 28.Qxd6 Re2 29.Qd4 Qxb2 30.Qxb2 
Rxb2 31.Ra1 a5 32.a4 Rb4 33.f3 {(offering draw)}  
Kg7 {I'd like to play on a bit more...}  34.Kf2 
{okay.}  Kf6 35.Kg3 Kg5 36.Ra3 h5 37.Kh2 f5 38.Kg1 
Kf4 39.Kh2 h4 40.Ra2 g5 41.Ra3 {I don't like 
playing like this, but I have no choice under the 
circumstances.}  g4 {no i can see that... I'm not 
sure though if I can win. Anyway, it's good 
endgame practice.}  42.hxg4 fxg4 43.fxg4 Kxg4 
44.Kh1 Kf5 45.Kh2 Ke5 46.Kh3 Kd5 47.g3 hxg3 
48.Kxg3 Kc5 49.Kf3 Kc4 50.Ra1 Kb3 51.Ke2 Rxa4 
52.Rxa4 Kxa4 53.Kd2 Kb3 0-1

[Event "HCL-M873"]
[Site "www.playchess.de"]
[Date "2006.03.27"]
[Round "1"]
[White "Croxen"]
[Black "Ezechiel"]
[WhiteElo "1816"]
[BlackElo "1786"]
[PlyCount "76"]
[Result "0-1"]

1.Nf3 e6 {Hi Croxen! I think we haven't met on the 
64 squares ...}  2.d4 {Greetings to you, too! 
You're right; this is the first time.}  c5 {So 
here we go!}  3.c4 cxd4 4.Nxd4 Nf6 5.g3 Nc6 6.Bg2 
d5 7.O-O Bc5 8.Nb3 Bd6 9.cxd5 exd5 10.Nc3 Be6 
11.Bg5 Be5 12.Rc1 O-O 13.Nc5 Qe7 14.Nd3 Bxc3 
15.Rxc3 h6 16.Bf4 Rac8 17.Qa4 d4 18.Rc2 Nd5 
19.Rfc1 Rfe8 20.a3 Nxf4 21.Nxf4 Bf5 22.R2c5 Be4 
23.Nd5 Bxd5 24.Bxd5 Qxe2 25.Bxc6 bxc6 26.Qxd4 Rcd8 
27.Qa4 Rd2 {Charge, my rook!}  28.Rf1 Rxb2 29.Qxa7 
Qf3 30.Rc4 Ra2 31.Rf4 Qd5 32.a4 c5 33.Rc1 Rc2 
34.Rf1 g6 35.a5 Ra8 36.Qc7 Ra2 37.Rc1 R8xa5 
38.Rfc4 Rd2 0-1

[Event "HCL-A2670"]
[Site "www.playchess.de"]
[Date "2006.03.27"]
[Round "5"]
[White "shadow_cup"]
[Black "scaper"]
[WhiteElo "1499"]
[BlackElo "1563"]
[PlyCount "36"]
[Result "0-1"]

1.e3 {hello - have a good game :)}  c5 {yep  all 
the best to you
}  2.Nf3 {and yourself also}  e6 3.d4 d5 4.Bb5+ 
Bd7 5.Bxd7+ Nxd7 6.O-O Rc8 7.b3 cxd4 8.Qxd4 Qf6 
9.Qxf6 Ngxf6 10.Ba3 Rxc2 11.Bxf8 Kxf8 12.Na3 Rc5 
13.Rfc1 Ke7 14.Rxc5 Nxc5 15.Nb5 Nfe4 16.Nxa7 Ra8 
17.Nb5 Nxb3 18.Rb1 Rxa2 0-1

[Event "HCL-A2637"]
[Site "www.playchess.de"]
[Date "2006.03.27"]
[Round "15"]
[White "Matu"]
[Black "scotty4u"]
[WhiteElo "1574"]
[BlackElo "1360"]
[PlyCount "39"]
[Result "1-0"]

1.e4 e5 2.Nf3 Nc6 3.Bc4 h6 4.c3 Nf6 5.d3 d5 6.exd5 
Nxd5 7.O-O Be6 8.Re1 Bd6 9.d4 exd4 10.Nxd4 Nxd4 
11.Qxd4 O-O 12.f4 c5 13.Qf2 Qc7 14.g3 Qc6 15.Qf3 
b5 16.Bb3 c4 17.Bc2 Qd7 18.f5 Bxf5 19.Qxf5 Qc6 
20.Qh7+ 1-0

[Event "HCL-C4108"]
[Site "www.playchess.de"]
[Date "2006.03.27"]
[Round "9"]
[White "JMD"]
[Black "Genesio"]
[WhiteElo "1323"]
[BlackElo "1067"]
[PlyCount "39"]
[Result "1-0"]

1.d4 {hello again with pleasure}  d5 {Ciao!}  2.e4 
c6 3.e5 f5 4.Bf4 e6 5.Nf3 Qa5+ 6.c3 Be7 7.Be2 h6 
8.b4 Qb6 9.a3 a5 10.Nbd2 axb4 11.Qb3 Na6 12.a4 Qa5 
13.c4 dxc4 14.Nxc4 Qc7 15.O-O c5 16.Nd6+ Kf8 
17.Nxc8 Rxc8 18.Qxe6 Qc6 19.Qxf5+ Ke8 
20.Bb5 1-0

[Event "HCL-B3929"]
[Site "www.playchess.de"]
[Date "2006.03.27"]
[Round "5"]
[White "miehierjoshi"]
[Black "CYTO"]
[WhiteElo "1200"]
[BlackElo "1169"]
[PlyCount "60"]
[Result "0-1"]

1.e4 c5 {hello from tennessee, usa}  2.c3 d5 3.e5 
e6 4.d4 cxd4 5.cxd4 Nc6 6.Nf3 Bb4+ 7.Bd2 Qb6 8.Qa4 
Bd7 9.Bxb4 Nxb4 10.Qd1 Ne7 11.Bd3 Nxd3+ 12.Qxd3 
O-O 13.O-O Rac8 14.Ng5 g6 15.Qh3 h5 16.g4 Qxd4 
17.gxh5 Qxe5 18.f4 Qg7 19.Nd2 gxh5 20.Kh1 Rc2 
21.Ndf3 Rxb2 22.Qxh5 Qg6 23.Qh3 Kg7 24.Rfg1 Qf5 
25.Nxe6+ Kf6 26.Qh6+ Ng6 27.Nxf8 Qe4 28.Nxd7+ Ke7 
29.Rae1 Re2 30.Nc5 Qxf3+ 0-1

[Event "HCL-B3641"]
[Site "www.playchess.de"]
[Date "2006.03.27"]
[Round "36"]
[White "ulibear"]
[Black "tirailleur"]
[WhiteElo "1267"]
[BlackElo "1315"]
[PlyCount "105"]
[Result "1/2-1/2"]

1.d4 {good luck}  d5 {Thanks, same to you.}  2.c4 
e6 3.e3 c5 4.cxd5 exd5 5.dxc5 Bxc5 6.Nc3 Nf6 7.Bd3 
O-O 8.Nf3 Nc6 9.O-O Bg4 10.h3 Bxf3 11.Qxf3 Ne5 
12.Qe2 Nxd3 13.Qxd3 d4 14.exd4 Bb6 15.Be3 Nd5 
16.Na4 Bc7 17.Nc3 Qd6 18.g3 Rfe8 19.Nxd5 Qxd5 
20.b3 Re4 21.f3 Qd6 22.Bf4 Rxf4 23.gxf4 Qxf4 
24.Kf2 Qh2+ 25.Ke1 Re8+ 26.Kd1 Qf4 27.Qd2 Re3 
28.Kc2 Qh6 29.Rae1 Qc6+ 30.Kb2 Re8 31.Rxe8+ Qxe8 
32.Re1 Qd7 33.Qc3 Bb6 34.Re4 h6 35.Qe3 Qxh3 
36.Re8+ Kh7 37.Qe4+ g6 38.Qd5 Qh2+ 39.Ka3 Qf4 
40.Re7 Qc1+ 41.Ka4 Qc6+ 42.Qxc6 bxc6 43.Rxf7+ Kg8 
44.Rf6 Kg7 45.Rd6 h5 46.d5 cxd5 47.Rxd5 Kh6 48.Kb5 
h4 49.a4 h3 50.a5 h2 51.axb6 h1Q 52.bxa7 Qf1+ 
53.Kb6 {(offering draw)}  1/2-1/2

[Event "HCL-T269"]
[Site "www.playchess.de"]
[Date "2006.03.27"]
[Round "17"]
[White "Concrete_Pluto"]
[Black "grannialex"]
[WhiteElo "1130"]
[BlackElo "1846"]
[PlyCount "52"]
[Result "0-1"]

1.e4 e5 2.d4 exd4 3.c3 dxc3 4.Nxc3 Nc6 5.Be3 Nf6 
6.Bc4 d6 7.Qf3 Ne5 8.Qe2 Nxc4 9.Qxc4 Be7 10.Nf3 
O-O 11.h3 Nd7 12.O-O Bf6 13.g4 Ne5 14.Nxe5 Bxe5 
15.f4 Bxc3 16.bxc3 h5 17.f5 Qh4 18.Rf3 Re8 19.Raf1 
hxg4 20.hxg4 Qxg4+ 21.Kh2 Rxe4 22.Qxc7 Bxf5 
23.R3xf5 Qe2+ 24.R1f2 Rh4+ 25.Kg1 Qe1+ 26.R2f1 
Qg3+ 0-1

[Event "HCL-A2662"]
[Site "www.playchess.de"]
[Date "2006.03.27"]
[Round "8"]
[White "ventura72"]
[Black "rjfb3"]
[WhiteElo "1600"]
[BlackElo "1700"]
[PlyCount "58"]
[Result "0-1"]

1.Nf3 d5 2.g3 Nc6 3.d4 Bg4 4.Bg2 Qd7 5.O-O h5 
6.Nbd2 Bh3 7.e4 Bxg2 8.Kxg2 h4 9.Rh1 h3+ 10.Kg1 e6 
11.e5 Nh6 12.Nf1 O-O-O 13.Bxh6 Rxh6 14.Ne3 Be7 
15.c3 {(offering draw)}  f5 {sorry, but is too 
soon to draw!}  16.b4 f4 17.Nc2 Rf8 18.Qe2 Qe8 
19.Nfe1 Qf7 20.f3 fxg3 21.hxg3 Qg6 22.Kh2 Qh5 
23.Rf1 Rg6 24.Qf2 Nd8 25.f4 Nf7 26.Ne3 Ng5 27.Rg1 
Ne4 28.Qf3 Qxf3 29.Nxf3 Nxc3 0-1

[Event "HCL-A2666"]
[Site "www.playchess.de"]
[Date "2006.03.27"]
[Round "10"]
[White "grannialex"]
[Black "Snillie"]
[WhiteElo "1827"]
[BlackElo "1510"]
[PlyCount "63"]
[Result "1-0"]

1.d4 Nf6 2.c4 e5 3.dxe5 Ng4 4.Nf3 Nc6 5.e3 Bc5 
6.Be2 O-O 7.O-O Re8 8.Nc3 Ngxe5 9.b3 a5 10.Bb2 Ra6 
11.Nxe5 Nxe5 12.Qd5 Qe7 13.Ne4 Ba7 14.c5 Rg6 
15.Rac1 Bb8 16.f4 Ng4 17.Bxg4 Rxg4 18.Nf2 Rh4 
19.e4 c6 20.Qd4 f6 21.g3 Rh5 22.Qc4+ Kh8 23.Qe2 
Rxc5 24.Ba3 Ba7 25.Bxc5 Bxc5 26.Kg2 Bxf2 27.Kxf2 
Qxe4 28.Qxe4 Rxe4 29.Rfe1 f5 30.Rc5 g6 31.Rxe4 
fxe4 32.Rxa5 1-0

[Event "HCL-A2575"]
[Site "www.playchess.de"]
[Date "2006.03.27"]
[Round "3"]
[White "Fepelus"]
[Black "Chas"]
[WhiteElo "1459"]
[BlackElo "1478"]
[PlyCount "64"]
[Result "0-1"]

1.e4 {Hello there. Best of luck in the 
tournament.}  d5 {Thank you and all the best from 
Lancashire UK}  2.exd5 Nf6 3.d4 Bg4 4.Nf3 Nxd5 
5.Be2 e6 6.c4 Bb4+ 7.Bd2 Bxd2+ 8.Nbxd2 Nf4 9.O-O 
Nc6 10.Nb3 Nxe2+ 11.Qxe2 O-O 12.Rad1 Qf6 13.Rd3 
Rad8 14.Qe4 Bf5 15.Qe3 {I'm playing this at work 
and after looking at your last move I told the guy 
on the desk next to me "don't take up chess: when 
you suck at it, it hurts like a bitch."}  Bxd3 {I 
know the feeling, I threw away a won gamethro' 
chess blindness at an otb game for my local chess 
club. regards. Charles}  16.Qxd3 b6 17.Qe4 Ne7 
18.Rd1 c5 19.a4 Qf5 20.Qxf5 Nxf5 21.Kf1 Rd7 22.Ke2 
Nxd4+ 23.Nbxd4 cxd4 24.Rxd4 Rfd8 25.Ke3 f6 26.Ke4 
e5 27.Rd5 Kf7 28.Nh4 {More than a week without a 
move. Sorry about that!}  g6 {ok. I have been on 
hOliday for 14 days. Regards ChAS.}  29.b4 Ke6 
30.h3 R7xd5 31.cxd5+ Rxd5 32.Nf3 
Rd1 0-1

[Event "HCL-A2650"]
[Site "www.playchess.de"]
[Date "2006.03.27"]
[Round "5"]
[White "Alex77"]
[Black "cheloveck"]
[WhiteElo "1394"]
[BlackElo "1316"]
[PlyCount "39"]
[Result "1-0"]

1.e4 {Hi, and good game!}  e5 {Hi, same for u!}  
2.Nf3 Nc6 3.Bc4 h6 4.O-O Nf6 5.Re1 Bc5 6.c3 d6 
7.d4 exd4 8.cxd4 Bb4 9.Nc3 O-O 10.a3 Ba5 11.b4 Bb6 
12.e5 dxe5 13.dxe5 Ne8 14.Qb3 Nd4 15.Nxd4 Bxd4 
16.Rd1 Be6 17.Bxe6 fxe6 18.Qxe6+ Kh8 19.Ne4 Qh4 
20.Rxd4 1-0

[Event "HCL-A2650"]
[Site "www.playchess.de"]
[Date "2006.03.27"]
[Round "3"]
[White "cheloveck"]
[Black "shadow_cup"]
[WhiteElo "1316"]
[BlackElo "1413"]
[PlyCount "61"]
[Result "1-0"]

1.e4 {hi}  e6 {hi - a good game to you :)}  2.Nc3 
{have a good game!}  Bb4 3.a3 Bxc3 4.bxc3 Nf6 5.d3 
O-O 6.Nf3 b6 7.Bb2 Bb7 8.Be2 Nc6 9.O-O Ne8 10.Nd4 
Ne7 11.Bf3 c5 12.Ne2 f5 13.Ng3 fxe4 14.Nxe4 d5 
15.Ng3 Nd6 16.Re1 Qd7 17.Qe2 Rf6 18.c4 d4 19.Bxb7 
Qxb7 20.c3 Nc6 21.Ne4 Nxe4 22.Qxe4 Rd8 23.cxd4 
cxd4 24.Bc1 Rdf8 25.f3 Qd7 26.Ra2 e5 27.Rc2 Rg6 
28.Ree2 Rff6 29.Qd5+ Qxd5 30.cxd5 Ne7 
31.Rxe5 1-0

[Event "HCL-B3807"]
[Site "www.playchess.de"]
[Date "2006.03.27"]
[Round "5"]
[White "Holzgieser"]
[Black "Buddy"]
[WhiteElo "1500"]
[BlackElo "1200"]
[PlyCount "61"]
[Result "1-0"]

1.c4 {hello, wish you a good game}  d6 2.d4 Nf6 
3.Nc3 Nc6 4.Nf3 e6 5.g3 e5 6.d5 Na5 7.e3 Ng4 8.Bg2 
Nxc4 9.Qa4+ Bd7 10.Qxc4 c6 11.O-O b5 12.Qd3 g6 
13.h3 Nf6 14.dxc6 Bxc6 15.Nxe5 Bxg2 16.Qxb5+ Nd7 
17.Nxd7 Bxf1 18.Qa4 Qxd7 19.Qe4+ Qe7 20.Qxa8+ Qd8 
21.Qxd8+ Kxd8 22.Kxf1 Bg7 23.Ke2 Re8 24.Bd2 d5 
25.Nxd5 h5 26.Rb1 Re5 27.Nf4 g5 28.Nxh5 Bh8 29.Rd1 
Rd5 30.Ba5+ Ke8 31.Rxd5 1-0

[Event "HCL-B3870"]
[Site "www.playchess.de"]
[Date "2006.03.27"]
[Round "9"]
[White "epenz"]
[Black "schachsky"]
[WhiteElo "972"]
[BlackElo "1193"]
[PlyCount "72"]
[Result "0-1"]

1.e4 c5 {Hello again, have a nice game!}  2.Nf3 e6 
3.d3 d5 4.exd5 exd5 5.Be2 Nf6 6.O-O Bd6 7.Re1 O-O 
8.a3 b5 9.c3 Be6 10.h3 Nc6 11.Nbd2 a5 12.Bf1 Qc7 
13.b3 b4 14.axb4 axb4 15.Rxa8 Rxa8 16.cxb4 Nxb4 
17.Nh2 Nxd3 {??}  18.Bxd3 Bxh2+ {????}  19.Kh1 Bd6 
20.Bb2 d4 21.Qe2 Ra2 22.Nc4 Bxc4 23.Bxc4 Ra8 
24.Ra1 Re8 25.Qd2 Bf4 26.Qd3 Ne4 27.Re1 Nxf2+ 
28.Kg1 Rxe1+ 29.Kxf2 Re3 30.Qf1 Bg3+ 31.Kg1 Re1 
32.Qxe1 Bxe1 33.Kf1 Qg3 34.Kg1 Qe3+ 35.Kh1 Bg3 
36.Bf1 Qf2 0-1

[Event "HCL-B3820"]
[Site "www.playchess.de"]
[Date "2006.03.28"]
[Round "36"]
[White "JRockne"]
[Black "garden"]
[WhiteElo "1053"]
[BlackElo "1084"]
[PlyCount "64"]
[Result "1/2-1/2"]

1.e4 e5 2.Nf3 d6 3.Nc3 Bg4 4.h3 Be6 5.Bb5+ c6 
6.Be2 Nf6 7.d3 g6 8.Ng5 d5 9.Nxe6 fxe6 10.Bg5 Be7 
11.Bxf6 Bxf6 12.Bg4 Qd7 13.Qe2 d4 14.Nd1 h5 15.Bf3 
c5 16.O-O Nc6 17.b3 O-O 18.Nb2 Rf7 19.Nc4 b5 
20.Nb2 a6 21.Rad1 Nb4 22.a3 Nc6 23.g4 h4 24.Rdb1 
g5 25.a4 b4 26.Nc4 Qc7 27.Kg2 Na5 28.Nxa5 Qxa5 
29.Rba1 Rc8 30.Rfc1 Kg7 31.Qd2 Qc7 32.Kg1 a5 
{(offering draw)}  1/2-1/2

[Event "HCL-A2584"]
[Site "www.playchess.de"]
[Date "2006.03.28"]
[Round "1"]
[White "victorabiodun03"]
[Black "Grand73Am"]
[WhiteElo "1357"]
[BlackElo "1436"]
[PlyCount "97"]
[Result "1-0"]

1.e4 c5 2.Nf3 Nc6 3.d4 cxd4 4.Nxd4 Nf6 5.Nc3 d6 
6.Be2 g6 7.O-O Bg7 8.Be3 O-O 9.Nb3 Be6 10.f4 Bh6 
11.g4 Bg7 12.g5 Ne8 13.f5 Bd7 14.Rb1 f6 15.Bc4+ 
Kh8 16.fxg6 Ne5 17.Bf7 Bg4 18.Qe1 Bh5 19.Bxe8 Qxe8 
20.Nd4 e6 21.gxh7 Ng4 22.Ndb5 Nxe3 23.Qxe3 Qg6 
24.Nxd6 Rfd8 25.Nxb7 fxg5 26.Nxd8 Rxd8 27.e5 Qxc2 
28.Qxg5 Qg6 29.Qxg6 Bxg6 30.Rbd1 Rxd1 31.Rxd1 Bxe5 
32.Re1 Bd4+ 33.Kg2 Bf5 34.Kf3 Kxh7 35.Kf4 a6 
36.Rd1 Bb6 37.Ke5 Kg6 38.Rf1 Bc7+ 39.Kd4 Bxh2 
40.Ne4 Kf7 41.b4 Bc7 42.Nc5 Ke7 43.Nxa6 e5+ 44.Kc5 
Bd6+ 45.Kb6 Bd3 46.Re1 e4 47.Nc5 Bg3 48.Nxd3 Bxe1 
49.Nxe1 1-0

[Event "HCL-E1533"]
[Site "www.playchess.de"]
[Date "2006.03.28"]
[Round "36"]
[White "scylla"]
[Black "pj287"]
[WhiteElo "1461"]
[BlackElo "1722"]
[PlyCount "70"]
[Result "0-1"]

1.e4 c5 {Hello from Port Jervis,NY. Have a good 
game.}  2.Nf3 d6 3.d4 {ja}  cxd4 4.Nxd4 Nf6 5.Nc3 
g6 6.f3 Bg7 7.Bc4 O-O 8.Be3 Nc6 9.Qd2 Bd7 10.O-O-O 
Rc8 11.Bb3 Ne5 12.g4 b5 13.Ndxb5 Nxf3 14.Qg2 Bxg4 
15.Rdf1 Ne5 16.Nxa7 Ra8 17.Nab5 Qa5 18.h3 Bd7 
19.Nd4 Nc6 20.Rhg1 Nh5 21.Nf5 Bxf5 22.exf5 Bxc3 
23.bxc3 Qxc3 24.Qg5 Kh8 25.Qh6 Ng7 26.fxg6 fxg6 
27.Kb1 Rxf1+ 28.Rxf1 Nf5 29.Rxf5 gxf5 30.h4 Nd4 
31.Bc1 Qg3 32.Bg5 Nxb3 33.cxb3 Qd3+ 34.Kb2 Qd4+ 
35.Kb1 Rc8 0-1

[Event "HCL-B3916"]
[Site "www.playchess.de"]
[Date "2006.03.28"]
[Round "19"]
[White "RUDI"]
[Black "mitke"]
[WhiteElo "1291"]
[BlackElo "1255"]
[PlyCount "60"]
[Result "1/2-1/2"]

1.c4 Nf6 2.Nc3 e6 3.d4 d5 4.e3 Bb4 5.Bd2 Nc6 6.Nf3 
Bxc3 7.Bxc3 Ne4 8.Bd3 O-O 9.Bxe4 dxe4 10.Ne5 Nxe5 
11.dxe5 b6 12.O-O Bb7 13.Qd2 Qd3 14.Rad1 Qxd2 
15.Rxd2 h6 16.Rfd1 c5 17.b3 Rfe8 18.R2d7 Rab8 
19.g3 Rec8 20.Re7 Rce8 21.Rc7 Bc8 22.Rxa7 Kf8 
23.Rd6 Re7 24.Rxe7 Kxe7 25.a4 f6 26.Rc6 Kd8 
27.Rd6+ Ke7 28.h4 Bd7 29.b4 f5 30.Kf1 Be8 
{(offering draw)}  1/2-1/2

[Event "HCL-B3916"]
[Site "www.playchess.de"]
[Date "2006.03.28"]
[Round "5"]
[White "RUDI"]
[Black "Mosselman"]
[WhiteElo "1291"]
[BlackElo "1376"]
[PlyCount "68"]
[Result "0-1"]

1.c4 e5 2.Nc3 Nf6 3.e4 c6 4.Nf3 d6 5.d3 Bg4 6.Be2 
Nbd7 7.O-O Be7 8.Be3 Nb6 9.Nd2 Bxe2 10.Qxe2 d5 
11.exd5 cxd5 12.cxd5 Nbxd5 13.Nxd5 Qxd5 14.Nf3 O-O 
15.d4 Bd6 16.b3 Rfc8 17.Rac1 e4 18.Nd2 Bb4 19.Rc4 
Bxd2 20.Bxd2 b5 21.Rxc8+ Rxc8 22.Be3 a6 23.Qd2 h6 
24.Rc1 Rd8 25.Rc5 Qd6 26.Bxh6 Qxd4 27.h3 Qxd2 
28.Bxd2 Rxd2 29.a3 Ra2 30.g4 Rxa3 31.Rc8+ Kh7 
32.g5 Nh5 33.h4 Rxb3 34.Rc6 a5 0-1

[Event "HCL-M869"]
[Site "www.playchess.de"]
[Date "2006.03.28"]
[Round "22"]
[White "jonaslo"]
[Black "DANTONIFAYARD"]
[WhiteElo "1751"]
[BlackElo "1693"]
[PlyCount "52"]
[Result "0-1"]

1.e4 {Feliz año!}  d6 {GRACIAS...¡QUE TENGAS UN 
PRÓSPERO AÑO 2,006!}  2.d4 Nd7 3.Nf3 g6 4.Bc4 e6 
5.Bg5 Ne7 6.Nc3 Bg7 7.Qe2 h6 8.Bh4 g5 9.Bg3 Ng6 
10.O-O-O a6 11.e5 d5 12.Bxd5 exd5 13.e6 Nf6 
14.exf7+ Kxf7 15.Ne5+ Nxe5 16.dxe5 Ne8 17.Qf3+ Kg6 
18.Nxd5 Rf8 19.Qxf8 Bxf8 20.Nf4+ gxf4 21.Rxd8 fxg3 
22.Rxe8 Kf7 23.Rd8 gxf2 24.a3 Bc5 25.b4 Be3+ 
26.Kd1 Bg4+ 0-1

[Event "HCL-B3901"]
[Site "www.playchess.de"]
[Date "2006.03.28"]
[Round "6"]
[White "TNT2"]
[Black "benace09"]
[WhiteElo "1807"]
[BlackElo "1500"]
[PlyCount "23"]
[Result "1-0"]

1.Nc3 c5 2.e4 g6 3.Nf3 Bg7 4.d4 cxd4 5.Nxd4 a6 
6.Be3 e6 7.Qd2 Ne7 8.O-O-O b5 9.Kb1 b4 10.Na4 a5 
11.Nxe6 fxe6 12.Bb6 1-0

[Event "HCL-A2653"]
[Site "www.playchess.de"]
[Date "2006.03.28"]
[Round "11"]
[White "BohdanL"]
[Black "MimiSiku"]
[WhiteElo "1472"]
[BlackElo "1425"]
[PlyCount "39"]
[Result "1-0"]

1.e4 e6 2.d4 d5 3.Bd3 dxe4 4.Bxe4 Nf6 5.Bg5 Be7 
6.Bxf6 Bxf6 7.Nf3 O-O 8.O-O Qd6 9.c3 Nc6 10.Na3 
Rb8 11.Nc2 Ne7 12.Ne3 b5 13.Ng4 Qf4 14.Nxf6+ Qxf6 
15.Ne5 a6 16.a3 Re8 17.Qe2 Qf4 18.g3 Qg5 19.h4 Qf6 
20.Ng4 1-0

[Event "HCL-B3903"]
[Site "www.playchess.de"]
[Date "2006.03.28"]
[Round "8"]
[White "Saladin"]
[Black "WStanEvans"]
[WhiteElo "1371"]
[BlackElo "1402"]
[PlyCount "48"]
[Result "0-1"]

1.e3 {Good game...}  e5 2.d4 exd4 3.Qxd4 Nc6 4.Qd1 
Nf6 5.Nf3 g6 6.Bc4 d5 7.Bb5 Qd6 8.Qd4 Bg7 9.Nc3 
Be6 10.Bxc6+ bxc6 11.e4 Nh5 12.Qd3 O-O 13.Ng5 d4 
14.Na4 Qb4+ 15.Bd2 Qxa4 16.b3 Qb5 17.g4 Qxd3 
18.cxd3 Bxg4 19.Rc1 Bd7 20.f4 a5 21.e5 Rfd8 22.Ne4 
Be8 23.Nc5 Bf8 24.Rg1 Ng7 0-1

[Event "HCL-B3820"]
[Site "www.playchess.de"]
[Date "2006.03.28"]
[Round "34"]
[White "Saladin"]
[Black "garden"]
[WhiteElo "1379"]
[BlackElo "1084"]
[PlyCount "126"]
[Result "0-1"]

1.e3 e5 2.Bc4 d5 3.Bb5+ c6 4.Bf1 f6 5.g3 Bd6 6.Bg2 
Nh6 7.Qh5+ Nf7 8.Nc3 g6 9.Qe2 Nh6 10.f4 e4 11.d3 
Bb4 12.h3 Bf5 13.g4 Bxc3+ 14.bxc3 Be6 15.dxe4 f5 
16.exd5 Bxd5 17.Bb2 Qh4+ 18.Kf1 b5 19.Bxd5 cxd5 
20.c4 Rf8 21.Nf3 Qe7 22.cxd5 fxg4 23.Qxb5+ Kf7 
24.Ne5+ Kg8 25.a4 a6 26.Qe2 Qb4 27.Nd3 Qe4 28.Rh2 
g3 29.Rg2 Nf5 30.Bd4 Nxd4 31.exd4 Qxd4 32.Qe6+ Rf7 
33.Qe5 Qc4 34.f5 Nd7 35.Qe6 Kg7 36.Qc6 Qxc6 {???}  
37.dxc6 {!!!}  Rxf5+ 38.Kg1 Nf6 39.Rxg3 Rc8 40.Nb4 
a5 41.Nd3 Rxc6 42.Ne1 Ne4 43.Rf3 Rg5+ 44.Kh2 Nc3 
45.Ra3 Ne2 46.Rf2 Re6 47.Nf3 Rf5 48.c4 Nd4 49.c5 
Nxf3+ 50.Raxf3 Rxc5 51.R3f7+ Kh6 52.R2f4 Rc2+ 
53.Kg3 Rc3+ 54.Kg4 Rc5 55.Rb7 Rg5+ 56.Kh4 Rh5+ 
57.Kg4 g5 58.Rf5 Rh4+ 59.Kg3 Re3+ 60.Rf3 Ree4 
61.Rb6+ Kh5 62.Rff6 Re3+ 63.Rf3 
Rxf3+ 0-1

[Event "HCL-C4199"]
[Site "www.playchess.de"]
[Date "2006.03.28"]
[Round "10"]
[White "nichju"]
[Black "Mercator"]
[WhiteElo "1022"]
[BlackElo "1099"]
[PlyCount "118"]
[Result "0-1"]

1.e4 {Hello and good luck to you}  c5 {Thanks same 
wiches for you !}  2.Nc3 d6 3.Bc4 Nf6 4.Nf3 e6 
5.d4 cxd4 6.Nxd4 Bd7 7.O-O Nc6 8.Ncb5 a6 9.Nc3 Be7 
10.Bg5 Rc8 11.f4 O-O 12.f5 h6 13.fxe6 fxe6 14.Nxe6 
Bxe6 15.Bxe6+ Kh8 16.Bxc8 Qxc8 17.Nd5 hxg5 18.Nxf6 
Bxf6 19.Qxd6 Rd8 20.Qg3 Ne5 21.Qh3+ Kg8 22.Qxc8 
Rxc8 23.c3 Rd8 24.b4 Rd3 25.Rac1 b5 26.h3 Nc4 
27.Rfd1 Rxc3 28.Rxc3 Bxc3 29.Rd8+ Kh7 30.Ra8 Bxb4 
31.Rxa6 Bc3 32.a3 b4 33.axb4 Bxb4 34.Ra4 Bc5+ 
35.Kh1 Ne5 36.Ra5 Bd6 37.Rd5 Nf7 38.Rf5 Kg6 39.Kg1 
Bf4 40.Kf2 Nd6 41.Ra5 Nxe4+ 42.Kf3 Nf6 43.Ra6 Kh5 
44.g3 Be5 45.Ra7 Bd4 46.Rxg7 Ne4 {(offering draw)} 
 47.Rd7 Nd2+ 48.Ke2 Nb3 49.Kd3 Nc5+ 50.Kxd4 Nxd7 
51.Ke4 Nc5+ 52.Kf5 {(offering draw)}  Nd3 53.h4 g4 
54.Ke4 Ne1 55.Kf5 Ng2 56.Ke4 Nxh4 57.gxh4 Kxh4 
58.Ke3 Kh3 59.Kf2 Kh2 0-1

[Event "HCL-A2605"]
[Site "www.playchess.de"]
[Date "2006.03.28"]
[Round "14"]
[White "Deep_Trouble"]
[Black "RUDI"]
[WhiteElo "1653"]
[BlackElo "1256"]
[PlyCount "58"]
[Result "1-0"]

1.d4 {Guten tag.  Wie geht ist ihnen?}  d5 {Hallo, 
gut danke. Und selber?}  2.Nf3 {Serh gut, danke.}  
Nc6 3.e3 Nf6 4.Nbd2 Bg4 5.c4 e6 6.Qb3 Rb8 7.cxd5 
Nxd5 8.a3 Bd6 9.Bd3 O-O 10.Qc2 Nf6 11.O-O e5 
12.dxe5 Nxe5 13.Nxe5 Bxe5 14.Nc4 Bd6 15.b4 Be6 
16.Nxd6 Qxd6 17.Bb2 Qe7 18.Rfd1 c6 19.Rac1 a6 
20.Bc4 Bxc4 21.Qxc4 Rfd8 22.Qh4 Rxd1+ 23.Rxd1 Nd5 
24.Qg3 Qf8 25.Bxg7 Qxg7 {yes, this is big and deep 
trouble...}  26.Qxb8+ {Just how I like it. :-)}  
Qf8 27.Qxb7 Ne7 28.Qc7 Nd5 29.Qxc6 
Nf6 1-0